Funding political parties in West Africa : proceedings of a conference (Record no. 274)

MARC details
000 -LEADER
fixed length control field 00599nam a2200169Ia 4500
008 - FIXED-LENGTH DATA ELEMENTS--GENERAL INFORMATION
fixed length control field 240428s9999||||xx |||||||||||||| ||und||
020 ## - INTERNATIONAL STANDARD BOOK NUMBER
International Standard Book Number 9988572093
041 ## - LANGUAGE CODE
Language code of text/sound track or separate title eng
082 ## - DEWEY DECIMAL CLASSIFICATION NUMBER
Classification number 324.78 F
100 ## - MAIN ENTRY--PERSONAL NAME
Personal name The Electoral Commission of Ghana - The Friedrich Ebert Foundation, Ghana Office - kofi Kumado
245 #0 - TITLE STATEMENT
Title Funding political parties in West Africa : proceedings of a conference
260 ## - PUBLICATION, DISTRIBUTION, ETC.
Name of publisher, distributor, etc. The Friedrich Ebert Foundation, Ghana Offce
Place of publication, distribution, etc. Accra, Ghana
Date of publication, distribution, etc. 1996
300 ## - PHYSICAL DESCRIPTION
Extent x, 257 p.
650 ## - SUBJECT ADDED ENTRY--TOPICAL TERM
Topical term or geographic name entry element Campaign funds -- Africa, West -- Congresses.
942 ## - ADDED ENTRY ELEMENTS (KOHA)
Koha item type Inaugural Lecture
Holdings
Withdrawn status Lost status Damaged status Not for loan Home library Current library Shelving location Date acquired Total checkouts Full call number Date last seen Copy number Price effective from Koha item type
        Main Library Main Library Open Shelves 19/08/2021   324.1F 711 C1 - 324.1 F 862 C2 - 324.1 F 2058 C3 - 324.1 F 2059 C4 - 324.1F 2060 C5 - 324.1 F 2061 C6 - 324.1 F 2062 C7 - 324.1 F 2063 C8 29/04/2024 1 29/04/2024 Inaugural Lecture
©2026  Parliament of Ghana Library - All rights reserved